| 000 | 01144cim a22002897i 4500 | ||
|---|---|---|---|
| 999 | _c58366 | ||
| 001 | 12064682 | ||
| 003 | LIBRIS | ||
| 005 | 20210817132203.0 | ||
| 008 | 101222s2005 sw | |||||||||| | swe|d | ||
| 020 | _a9789185810956 | ||
| 035 | _a(Bo)376311 | ||
| 040 |
_aLass _ei |
||
| 041 | _aswe | ||
| 082 | 0 | 4 |
_a616.994 _222 (machine generated) |
| 084 |
_aVep _2kssb/8 |
||
| 100 | 1 |
_aUneståhl, Lars-Eric, _d1938- _0https://libris.kb.se/64jln80q19w1lcd#it |
|
| 245 | 1 | 0 |
_aMental träning som stöd & hjälp vid cancer _h[Ljudupptagning] / _cutarbetat & intalat av Lars-Eric Uneståhl. |
| 264 | 1 |
_aÖrebro : _bVeje, _c2005 |
|
| 300 | _a1 CD (1 tim., 8 min.) | ||
| 887 |
_a{"@id":"q823lw820qkmxbr","modified":"2016-02-12T12:13:19+01:00","checksum":"33369668011"} _2librisxl |
||
| 887 |
_a{"@id":"x28wbj132bb9kqt","modified":"2014-04-01T11:21:19+02:00","checksum":"39459356698"} _2librisxl |
||
| 900 | 1 | s |
_6100 _d1938- _uUneståhl, Lars-Eric, _d1938- |
| 900 | 1 | s |
_6100 _d1938- _uUneståhl, Lars-Eric, _d1938- |
| 942 |
_2z _cAUDIOBOOK |
||